UBT Library

Wisdom from world religions : (Record no. 991)

000 -LEADER
fixed length control field 00530nam a22001817a 4500
008 - FIXED-LENGTH DATA ELEMENTS--GENERAL INFORMATION
fixed length control field 150604b xxu||||| |||| 00| 0 eng d
020 ## - INTERNATIONAL STANDARD BOOK NUMBER
International Standard Book Number 1890151912
041 0# - LANGUAGE CODE
Language code of text/sound track or separate title eng
080 ## - UNIVERSAL DECIMAL CLASSIFICATION NUMBER
Universal Decimal Classification number 141.332
100 1# - Rafti
Rafti Templeton, John,
245 10 - TITLE STATEMENT
Title Wisdom from world religions :
Statement of responsibility, etc John Templeton.
260 ## -
-- Philadelphia :
-- Templeton Foundation Press,
-- c2002.
300 ## -
-- xxv, 352 f. ;
-- 28 cm.
650 #0 -
-- Jeta shpirtërore
650 #0 -
-- Religjioni
700 ## -
-- Templeton, John,
942 ## - ADDED ENTRY ELEMENTS (KOHA)
Source of classification or shelving scheme
Item type Books
Holdings
Withdrawn status Lost status Source of classification or shelving scheme Damaged status Not for loan Collection code Permanent location Current location Shelving location Date acquired Total Checkouts Full call number Barcode Date last seen Koha item type Price effective from
          Koleksioni i përgjithshem UBT - Lipjan UBT - Lipjan Koleksioni i përgjithshem 06/04/2015   141.332 TEM 002-011835 06/04/2015 Books  
          Koleksioni i përgjithshem UBT - Lipjan UBT - Lipjan Koleksioni i përgjithshem 12/29/2015   141.332 TEM 002-011836 12/29/2015 Books 12/29/2015
          Koleksioni i përgjithshem UBT - Lipjan UBT - Lipjan Koleksioni i përgjithshem 12/29/2015   141.332 TEM 002-011837 12/29/2015 Books 12/29/2015
          Koleksioni i përgjithshem UBT - Lipjan UBT - Lipjan Koleksioni i përgjithshem 12/29/2015   141.332 TEM 002-011838 12/29/2015 Books 12/29/2015
          Koleksioni i përgjithshem UBT - Lipjan UBT - Lipjan Koleksioni i përgjithshem 12/29/2015   141.332 TEM 002-011839 12/29/2015 Books 12/29/2015
          Koleksioni i përgjithshem UBT - Lipjan UBT - Lipjan Koleksioni i përgjithshem 12/29/2015   141.332 TEM 002-011840 12/29/2015 Books 12/29/2015
          Koleksioni i përgjithshem UBT - Lipjan UBT - Lipjan Koleksioni i përgjithshem 12/29/2015   141.332 TEM 002-011841 12/29/2015 Books 12/29/2015
          Koleksioni i përgjithshem UBT - Lipjan UBT - Lipjan Koleksioni i përgjithshem 12/29/2015   141.332 TEM 002-011842 12/29/2015 Books 12/29/2015
          Koleksioni i përgjithshem UBT - Lipjan UBT - Lipjan Koleksioni i përgjithshem 12/29/2015   141.332 TEM 002-011843 12/29/2015 Books 12/29/2015
          Koleksioni i përgjithshem UBT - Lipjan UBT - Lipjan Koleksioni i përgjithshem 01/09/2018   291.4 JOH 002-2994986 01/09/2018 Books 01/09/2018
          Koleksioni i përgjithshem UBT - Lipjan UBT - Lipjan Koleksioni i përgjithshem 01/09/2018   291.4 JOH 002-2994990 01/09/2018 Books 01/09/2018
          Koleksioni i përgjithshem UBT - Lipjan UBT - Lipjan Koleksioni i përgjithshem 01/09/2018   291.4 JOH 002-2994991 01/09/2018 Books 01/09/2018
UBT Library © 2015-2024. All rights reserved University Education for Business and Technology